Statistics for Satisfied Lyrics :)

Click here to take the quiz!

General Stats

  • This quiz has been taken 188 times
    (187 since last reset)
  • The average score is 431 of 498

Answer Stats

Answer% Correct
a
99%
i
98%
that
97%
to
94%
im
93%
it
93%
satisfied
93%
what
93%
you
93%
angelica
92%
as
92%
be
92%
is
92%
the
92%
your
92%
about
91%
and
91%
for
91%
he
91%
no
91%
of
91%
always
90%
bride
90%
by
90%
from
90%
groom
90%
ha
90%
hi
90%
just
90%
may
90%
my
90%
never
90%
right
90%
sister
90%
so
90%
toast
90%
who
90%
alexander
89%
have
89%
in
89%
night
89%
remember
89%
schuyler
89%
side
89%
union
89%
been
88%
every
88%
hamilton
88%
hope
88%
know
88%
like
88%
me
88%
name
88%
said
88%
then
88%
time
88%
when
88%
face
87%
forget
87%
give
87%
same
87%
this
87%
three
87%
where
87%
boy
86%
but
86%
done
86%
dont
86%
eyes
86%
family
86%
feels
86%
first
86%
has
86%
havent
86%
ill
86%
its
86%
mean
86%
might
86%
provide
86%
saw
86%
seat
86%
see
86%
set
86%
two
86%
up
86%
wait
86%
with
86%
woman
86%
youre
86%
days
85%
forgot
85%
helpless
85%
honor
85%
things
85%
wheres
85%
yourself
85%
at
84%
does
84%
maid
84%
million
84%
not
84%
one
84%
rest
84%
theres
84%
all
83%
cant
83%
heart
83%
hell
83%
his
83%
minutes
83%
place
83%
she
83%
talking
83%
bit
82%
exact
82%
feeling
82%
game
82%
intelligent
82%
match
82%
maybe
82%
strike
82%
thats
82%
unimportant
82%
are
81%
ben
81%
boys
81%
dang
81%
did
81%
dream
81%
father
81%
hands
81%
her
81%
him
81%
key
81%
kite
81%
realize
81%
rich
81%
sisters
81%
soldier
81%
sure
81%
those
81%
aflame
80%
catch
80%
conversation
80%
lasted
80%
marry
80%
someone
80%
Alright
79%
asked
79%
franklin
79%
freedom
79%
handsome
79%
hes
79%
job
79%
life
79%
light
79%
pants
79%
penniless
79%
truths
79%
want
79%
change
78%
doesn't
78%
even
78%
girl
78%
grow
78%
means
78%
oldest
78%
only
78%
peach
78%
take
78%
we
78%
wittiest
78%
world
78%
answer
77%
chance
77%
city
77%
everything
77%
flirt
77%
new
77%
number
77%
over
77%
regret
77%
taking
77%
turn
77%
york
77%
agreement
76%
any
76%
aside
76%
away
76%
fundamental
76%
fuzz
76%
less
76%
part
76%
social
76%
climb
75%
far
75%
lead
75%
meet
75%
now
75%
way
75%
which
75%
level
74%
naive
74%
pleasure
74%
sons
74%
started
74%
themselves
74%
dance
73%
looked
73%
because
72%
candlelight
72%
Elizabeth
72%
flying
72%
status
72%
after
71%
gossip
71%
seeing
71%
elevates
70%
fidgeting
70%
frame
70%
wanna
70%
tripping
69%
everyone
68%
posture
68%
wits
68%
insidious
65%
stance
65%
imma
63%
id
62%
hunger pang
60%
askance
59%
dreamlike
58%
perfect
12%

Score Distribution

Percentile by Number Answered

Percent of People with Each Score

Your Score History

You have not taken this quiz since the last reset